Normal view MARC view
  • Hué García, Carlos

Entry Nombre Personal

Number of records used in: 1

001 - NUMERO DE CONTROL

  • campo de control: 49836

003 - IDENTIFICADOR DE NUMERO DE CONTROL

  • campo de control: DLC

005 - FECHA Y HORA DE LA ÜLTIMA TRANSACCIÓN

  • campo de control: 20230823195548.0

008 - DATOS DE LONGITUD FIJA

  • campo de control de longitud fija: 210819nn acnnnaabn a aaa c

010 ## - NÚMERO DE CONTROL DE LA BIBLIOTECA DEL CONGRESO

  • Número de control LC: ns2021001803

035 ## - NUMERO DE CONTROL

  • Número de control: (CaEvSKY)skya12609955

040 ## - FUENTE DE CATALOGACIÓN

  • Agencia original de catalogación: MX-SnUAN
  • Lenguaje de catalogación: spa
  • Description conventions: rda
  • Agencia de transcripción: MX-SnUAN
  • Agencia que lo modifica: MX-MxUPN

100 1# - ENCABEZAMIENTO - NOMBRE PERSONAL

  • Nombre personal: Hué García, Carlos

372 ## - CAMPO DE ACTIVIDAD

  • Field of activity: Psicología
  • Fuente del término: bgtq

373 ## - GRUPO ASOCIADO

  • Associated group: Universidad de Zaragoza
  • Fuente del término: naf

377 ## - LENGUA ASOCIADA

  • Language code: spa

400 1# - VEÁSE - NOMBRE DE PERSONA

  • Personal name: García, Carlos Hué

400 1# - VEÁSE - NOMBRE DE PERSONA

  • Personal name: Hué, Carlos

670 ## - FUENTE EN LA QUE SE LOCALIZARON DATOS

  • Cita de la fuente: Bienestar docente y pensamiento emocional, 2008:
  • Información localizada: portada (Carlos Hué García) cubierta posterior (Profesor asociado de Psicología en el ICE de la Universidad de Zaragoza Carlos Hué)

670 ## - FUENTE EN LA QUE SE LOCALIZARON DATOS

  • Cita de la fuente: Bienestar docente y pensamiento emocional, 2008:
  • Información localizada: portada (Carlos Hué García) Cubierta (Carlos Hué)

902 ## - CATALOGADOR

  • Catalogador: VíctorGodínez/230823